000 00329nam a2200133Ia 4500
008 240624s9999 xx 000 0 und d
041 _aeng
082 _a920 BEA
100 _aBEAHM GEORGE
245 _aSTEVE JOBS LIFE BY DESIGN
260 _c2014
_aMumbai
_bJaico Books
300 _ax, : 226 : p. : cm. ; 19
365 _cRS
_b35
999 _c26773
_d26773